| 000 | 00921cam a2200325 4500 | ||
|---|---|---|---|
| 001 | J3069 | ||
| 008 | 090401t1995 xxu||||| |||| 00| 0 eng d | ||
| 035 | _a(Sirsi) u52790 | ||
| 041 | _aeng | ||
| 050 | _a658.202 | ||
| 100 | _aHolmes, Roy | ||
| 245 | _aPremature failure of building components in social housing: managing the risk. | ||
| 260 |
_aAscot, Berks. _bChartered Institute of Building _c1995 |
||
| 300 | _a11p. ; 30cm. | ||
| 350 | _a0 | ||
| 490 |
_aConstruction Papers _v46 |
||
| 650 | _aBUILDING COMPONENTS | ||
| 650 | _aBUILDING FAILURES | ||
| 650 | _aHAPM | ||
| 650 | _aHOUSING ASSOCIATIONS | ||
| 650 |
_aInsurance _96249 |
||
| 650 | _aPLANNED MAINTENANCE | ||
| 650 | _aRISK ASSESSMENT | ||
| 650 | _aSOCIAL HOUSING | ||
| 690 | _aBUILT ENVIRONMENT-BUILDING PATHOLOGY | ||
| 700 | _aWornell, Paul | ||
| 710 |
_aChartered Institute of Building _92134 |
||
| 942 | _n0 | ||
| 948 | _c04/03/1997 | ||
| 999 |
_c93167 _d93167 |
||